中超联赛所有球队 - Statistics

General Stats
  • This quiz has been taken 52 times
  • The average score is 25 of 38
Answer Stats
最后一次参赛年份 球队 % Correct
2024 上海申花
98%
2024 上海海港
95%
2022 广州
93%
2024 北京国安
91%
2024 山东泰山
89%
2024 天津津门虎
86%
2024 长春亚泰
84%
2024 河南
84%
2024 武汉三镇
82%
2024 成都蓉城
80%
2023 大连人
80%
2020 江苏
80%
2024 梅州客家
77%
2023 深圳
77%
2024 浙江
75%
2021 青岛
73%
2024 沧州雄狮
70%
2024 青岛西海岸
70%
2024 青岛海牛
68%
2022 广州城
68%
2024 南通支云
66%
2018 贵州
66%
2017 辽宁宏运
66%
2024 深圳新鹏城
64%
2012 大连实德
64%
2022 河北
61%
2019 天津天海
61%
2019 北京橙丰
61%
2021 重庆两江竞技
59%
2015 上海申鑫
59%
2022 武汉长江
55%
2017 延边富德
41%
2014 绍兴柯桥越甲
39%
2007 厦门蓝狮
39%
2008 武汉光谷
27%
2011 成都谢菲联
25%
2006 上海联城
14%
2005 四川冠城
11%
No matching quizzes found
Score Distribution
Percent of People with Each Score
Percentile by Number Answered
Your Score History
You have not taken this quiz